000 01714nam0a2200385 4500
001 RU\NLR\b_ik\101149
005 20250616225056.0
010 _a0-415-00948-0
035 _a(NLR Aleph) 002175033
090 _a2705967
_c2705967
100 _a20031008d2000 |||y0rusy50 ca
101 0 _aeng
102 _aGB
_aRU
105 _ay |||||||||
200 1 _aPerforming blackness
_eEnactments of African-American modernism
_fKimberly W. Benston
210 _aLondon
_aNew York
_cRoutledge
_d2000
215 _aXIII, 386 c.
_cил., нот.
_d25
320 _aБиблиогр. в примеч.: с. 352-373
320 _aУказ.: с. 375-386
541 0 _aУченая темнота:введение в афро-американский модернизм
_zrus
606 0 _aНегритянская литература
_yСоединенные Штаты Америки
_91213202
_3RU\NLR\AUTH\66492754
606 0 _aМодернизм
_xв литературе
_yСоединенные Штаты Америки
_91675036
_3RU\NLR\AUTH\66743199
606 0 _aТеатр негритянский
_yСоединенные Штаты Америки
_91215911
_3RU\NLR\AUTH\66494132
606 0 _aAmerican literature-Afro-American authors-History and criticism
_2lcsh
606 0 _aAmerican literature-20th century-History and crinicism
_2lcsh
606 0 _aPerforming arts-United States-History-20th century
_2lcsh
676 _a810.9'896073
_v21
686 4 _aШ5(7США)-308
686 4 _aШ5(7США)53-328.8
686 4 _aЩ334.3(7США=Н)6
700 1 _aBenston
_bK. W.
_gKimberly W
_4070
801 0 _aRU
_bNLR
_c20031008
_gPSBO
942 _cBOOK
980 _aNB